000 00597nam a2200217 a 4500
001 BRL_808
005 20190320210915.0
008 081013s1955----ag-#######---#000-0#spa-#
041 _aspa
044 _aag
050 4 _aPQ2617.S85
_b.I88 1955
100 1 _aIstrati, Panait
_d1884-1935
_925003
245 1 0 _aEl pescador de esponjas
_cPanait Istrati.
260 _aBuenos Aires
_bEdiciones Safian
_c1955
300 _a122 p.
_c19 cm.
500 _aAu949
500 _aEstado fĂ­sico: Tiene la pasta desprendida del lomo
650 1 4 _aLiteratura rumana
_925004
902 _aGRL
942 _2lcc
_cB
999 _c9620
_d9620